1384 1365 1698 1062 1417 1797 1310 1150 1612 1793 1908 1782 1473 1490 1909 1359 1128 1232 1001 1679 1988 1396 1117 1836 1144 1001 1112 1967 1558 1352 1118 1760 1435 1072 1287 1854 1226 1573 1797 1073 1037 1993 1860 1735 1415 1885 1799 1781 1636 1669 1605 1198 1774 1175 1180 1511 1325 1367 1463 1602 1188 1412 1129 1220 1046 1689 1413 1482 1659 1757 1908 1056 1772 1417 1524 1112 1505 1700 1718 1400 1811 1415 1977 1410 1556 1475 1436 1696 1954 1443 1132 1191 1080 1271 1812 1562 1762 1846 1875 BCNSPRNW ULIB Ver.6.0+V

เปลี่ยนเป็นภาษาไทย

Change to English
 แสดงรายละเอียดบรรณานุกรม
  กลับหน้าหลัก

Brief Record : Get Marc (ISO 2709) : E-mail record : QR code < ปิดหน้าต่าง
LEADER : 00000nam 2200000uu 4500
001    13399114754
003     ULIB
008    120514s2554||||th 000 0 tha d
020    ^a9786167291123
060 04 ^aWS420^bช149ฉ
100 0  ^aชนิกา ตู้จินดา
245 10 ^aฉลาดรู้ดูแลลูกแรกเกิด /^cชนิกา ตู้จินดา
250    ^aพิมพ์ครั้งที่ 1
260    ^aกรุงเทพฯ :^bรักลูกBooks,^c2554
300    ^a135 หน้า
650  7 ^aทารกแรกเกิด
650  7 ^aคู่มือดูแลลูก
650  7 ^aลูกแรกเกิด
710 2  ^aรักลูกBooks
945    ^p165^l0^i19031
995    ^aกัณชพร
999    ^aใช้งานได้ทุกระบบ
รายการนี้ยังไม่มีแท็ก
คุณยังไม่ได้ล็อกอิน คุณสามารถมีกิจกรรมร่วมกับเว็บไซต์ได้ แต่ต้องล็อกอินก่อน ::
  ล็อกอิน

รายการสื่อสารสนเทศ

ลำดับที่ ประเภท เลขเรียก/บาร์โค้ด สถานที่ สถานะ
1. วิทยาศาสตร์การแพทย์ และสุขภาพ
วิทยาศาสตร์การแพทย์ และสุขภาพ
สถานะ=หนังสือเก่า
WS420 ช149ฉ  
  Barcode: 19031
ห้องสมุดวิทยาเขตนครสวรรค์
►ส่วนจัดเก็บหนังสือเก่า นว.
บนชั้น
  ขอยืม

รายการใกล้เคียง
    ผู้แต่ง [ชนิกา ตู้จินดา]

    หัวเรื่อง [ทารกแรกเกิด]
    หัวเรื่อง [คู่มือดูแลลูก]
    หัวเรื่อง [ลูกแรกเกิด]

BibComment


ยังไม่เคยถูกคอมเมนท์

คอมเมนท์ทรัพยากรรายการนี้
  คอมเมนท์: ฉลาดรู้ดูแลลูกแร..


 Copyright 2026. Bcnsprnw @Library